De matrimonio.

Saved in:
Bibliographic Details
Other Authors: Ayuso, Miguel (Editor)
Format: Book
Published: Madrid, España: Marcial Pons, 2015.
Series:Prudentia iuris
Subjects:
Tags: Add Tag
No Tags, Be the first to tag this record!

MARC

LEADER 00000nam a22000007a 4500
003 CL-VaPUC
005 20220822114737.0
008 220727t2015 ||||| |||| 00| 0 eng d
999 |c 437679  |d 437677 
020 |a 978-84-16402-51- 
040 |c Pontificia Universidad Católica de Valparaíso 
082 7 |a 346.016 AYU 2015  |2 22 
100 |a Ayuso, Miguel   |9 870958  |e editor 
245 |a De matrimonio.  
260 |a Madrid, España:  |b Marcial Pons,   |c 2015. 
300 |a 173 páginas. 
490 |a Prudentia iuris 
500 |a c.1 Donación Familia Prof. Alejandro Guzmán Brito. 
583 |c 20220622  |k Cristina María Rojas Aguilar 
650 |a Matrimonio   |x Derecho canónico  |9 862520 
942 |2 ddc  |c BK  |n 0 
952 |0 0  |1 0  |2 ddc  |4 0  |6 346_016000000000000_AYU_2015  |7 1  |8 C_AGB  |9 585467  |a BIBDER  |b BIBDER  |d 2022-07-27  |e Donación   |i 5653472  |o 346.016 AYU 2015  |p 5653472  |r 2023-01-25  |t 1  |w 2022-07-27  |y BK_US  |k AGB